Top 500 baby girl names in Germany 2023 - Statistics

General Stats
  • This quiz has been taken 343 times
  • The average score is 154 of 500
Answer Stats
Baby’s Name % Correct
Anna
94%
Lina
93%
Maria
91%
Marie
91%
Mary
91%
Emmi
89%
Emma
88%
Elli
87%
Lia
85%
Juli
84%
Sophia
84%
Leana
83%
Hannah
82%
Julia
82%
Laura
82%
Lena
82%
Lisa
82%
Emily
81%
Sarah
81%
Sophie
80%
Anni
79%
Ella
79%
Olivia
79%
Amal
78%
Anne
78%
Charlotte
78%
Mia
78%
Ellen
77%
Lea
76%
Elisa
75%
Elin
74%
Eva
74%
Helen
73%
Helin
73%
Alexandra
72%
Emilia
72%
Isabell
72%
Lara
72%
Helena
71%
Lilly
71%
Zoe
71%
Christina
70%
Clara
70%
Isabella
69%
Nina
69%
Paula
69%
Victoria
69%
Milla
67%
Rosa
67%
Amelia
66%
Nora
66%
Amelie
65%
Jana
65%
Janna
65%
Mila
65%
Diana
64%
Jasmin
64%
Lana
64%
Alina
63%
Elena
63%
Luna
63%
Melissa
63%
Alice
62%
Bella
62%
Carolin
62%
Evelyn
61%
Nicole
61%
Johanna
60%
Lucy
60%
Ava
59%
Elisabeth
59%
Alicia
58%
Carla
58%
Elsa
58%
Leonie
58%
Lou
58%
Rose
58%
Vanessa
58%
Andrea
57%
Fiona
57%
Linda
57%
Lilia
56%
Martha
56%
Amy
55%
Ariana
55%
Carolina
55%
Pauline
55%
Rebecca
55%
Selin
55%
Ida
54%
Juliana
54%
Lucia
54%
Melanie
54%
Michelle
54%
Minna
54%
Chloe
53%
Lilian
53%
Natalie
53%
Elise
52%
Heidi
52%
Luisa
52%
Mina
52%
Antonia
51%
Greta
51%
Mira
51%
Naomi
51%
Angelina
50%
Annika
50%
Camilla
50%
Kim
50%
Mara
50%
Natalia
50%
Stella
50%
Flora
49%
Ina
49%
Paulina
49%
Vivien
49%
Josephine
48%
Käthe
48%
Maja
48%
Marina
48%
Mona
48%
Esther
47%
Marlene
47%
Zoey
47%
Adriana
46%
Freya
46%
Janne
46%
Kate
46%
Katharina
46%
Sama
46%
Vera
46%
Veronika
46%
Aurora
45%
Celine
45%
Leona
45%
Leyla
45%
Lola
45%
Melina
45%
Pia
45%
Thea
45%
Valeria
45%
Zahra
45%
Amanda
44%
Cara
44%
Eliz
44%
Leni
44%
Miriam
44%
Valerie
44%
Annabell
43%
Iris
43%
Liliana
43%
Luise
43%
Patricia
43%
Theresa
43%
Valentina
43%
Ada
42%
Amalia
42%
Bianca
42%
Carina
42%
Elina
42%
Eliza
42%
Grace
42%
Holly
42%
Rosi
42%
Dana
41%
Fatima
41%
Frieda
41%
Nelly
41%
Rosalie
41%
Tara
41%
Alma
40%
Anja
40%
Daria
40%
Kira
40%
Liana
40%
Tamara
40%
Viola
40%
Alissa
39%
Anastasia
39%
Evi
39%
Liv
39%
Lotta
39%
Ruth
39%
Eliana
38%
Franziska
38%
Gabriela
38%
Malia
38%
Nadia
38%
Rita
38%
Kimberly
37%
Mathilda
37%
Dina
36%
Ela
36%
Helene
36%
Lore
36%
Lotte
36%
Lydia
36%
Millie
36%
Amina
35%
Anita
35%
Claire
35%
Malin
35%
Penelope
35%
Tessa
35%
Josie
34%
Leen
34%
Ria
34%
Ruby
34%
Selena
34%
Abigail
33%
Celina
33%
Hailey
33%
Jule
33%
Kayla
33%
Larissa
33%
Aaliyah
32%
Amira
32%
Chiara
32%
Elea
32%
Magdalena
32%
Nia
32%
Ophelia
32%
Samira
32%
Alena
31%
Alia
31%
Alisa
31%
Livia
31%
Sonja
31%
Carlotta
30%
Cecilia
30%
Eleanor
30%
Felicia
30%
Hilda
30%
Ivy
30%
Jade
30%
Liz
30%
Malina
30%
Nele
30%
Nova
30%
Sina
30%
Juna
29%
Milena
29%
Selina
29%
Aisha
28%
Alessia
28%
Delia
28%
Adele
27%
Amara
27%
Josephina
27%
Eloise
26%
Noemi
26%
Finja
25%
Gloria
25%
Jasmina
25%
Marla
25%
Marlie
25%
Mathilde
25%
Merle
25%
Ronja
25%
Sanna
25%
Cleo
24%
Irma
24%
Josefin
24%
Lynn
24%
Melody
24%
Nika
24%
Philippa
24%
Xenia
24%
Alison
23%
Aurelia
23%
Ayla
23%
Dalia
23%
Edda
23%
Henriette
23%
Iva
23%
Romy
23%
Tiana
23%
Annalena
22%
Lorena
22%
Melinda
22%
Dorothea
21%
Phoebe
21%
Sana
21%
Theodora
21%
Toni
21%
Amaya
20%
Celia
20%
Eleonora
20%
Felicitas
20%
Hazal
20%
Hazel
20%
Hope
20%
Jonna
20%
Marlena
20%
Nala
20%
Wilma
20%
Jette
19%
Luana
19%
Wanda
19%
Adelina
18%
Evelina
18%
Evin
18%
Joana
18%
Laila
18%
Leonora
18%
Madeleine
18%
Milana
18%
Tabea
18%
Alba
17%
Enna
17%
Linnea
17%
Nila
17%
Verena
17%
Eleni
16%
Emely
16%
Fabienne
16%
Giulia
16%
Nola
16%
Tilda
16%
Kaja
15%
Karlie
15%
Leia
15%
Mariam
15%
Nela
15%
Noelia
15%
Annelie
14%
Arin
14%
Franka
14%
Jolina
14%
Selma
14%
Yara
14%
Aylin
13%
Elaine
13%
Enie
13%
Florentine
13%
Hermine
13%
Lavin
13%
Lilith
13%
Mariella
13%
Miley
13%
Rahel
13%
Thalia
13%
Arya
12%
Elif
12%
Enni
12%
Erna
12%
Fenja
12%
Laya
12%
Melia
12%
Raya
12%
Salma
12%
Svea
12%
Aleyna
11%
Alisha
11%
Alva
11%
Dilara
11%
Emina
11%
Enya
11%
Felina
11%
Lisbeth
11%
Madita
11%
Naya
11%
Zeynep
11%
Arina
10%
Cataleya
10%
Leandra
10%
Lene
10%
Lieselotte
10%
Mathea
10%
Medina
10%
Nelia
10%
Polina
10%
Romina
10%
Salome
10%
Tamina
10%
Dea
9%
Fine
9%
Fritzi
9%
Jolie
9%
Kiana
9%
Marleen
9%
Melisa
9%
Palina
9%
Rieke
9%
Smilla
9%
Amilia
8%
Darya
8%
Defne
8%
Feline
8%
Hedi
8%
Iman
8%
Joline
8%
Letizia
8%
Meryem
8%
Nayla
8%
Neva
8%
Neyla
8%
Nisa
8%
Una
8%
Zarah
8%
Alaya
7%
Alea
7%
Anisa
7%
Hedda
7%
Jella
7%
Johanne
7%
Levke
7%
Liva
7%
Madlen
7%
Malena
7%
Malou
7%
Mayla
7%
Melek
7%
Nour
7%
Pola
7%
Tiara
7%
Asya
6%
Ayana
6%
Clea
6%
Eda
6%
Esra
6%
Havin
6%
Jamila
6%
Lani
6%
Lenia
6%
Malika
6%
Ylvi
6%
Emine
5%
Hafsa
5%
Maira
5%
Malak
5%
Malea
5%
Miray
5%
Sena
5%
Tuana
5%
Alara
4%
Azra
4%
Esila
4%
Esma
4%
Felia
4%
Hira
4%
Khadija
4%
Lenja
4%
Liara
4%
Mailin
4%
Miral
4%
Sila
4%
Anouk
3%
Dua
3%
Elenor
3%
Ilaria
3%
Ilayda
3%
Imani
3%
Inaya
3%
Liya
3%
Marlies
3%
Nea
3%
Philine
3%
Tala
3%
Enola
2%
Runa
2%
Talea
2%
Ylva
2%
Almira
1%
Amine
1%
Amra
1%
Asel
1%
Eleyna
1%
Joleen
1%
Layan
1%
Liyana
1%
Maliya
1%
Masa
1%
Mavie
1%
Naemi
1%
Philomena
1%
Zehra
1%
Ajla
0%
Ayliz
0%
Ceylin
0%
Ecrin
0%
Efnan
0%
Eslem
0%
Ikra
0%
Kalea
0%
Majvi
0%
Masal
0%
Meva
0%
Mihra
0%
Nefes
0%
Nilay
0%
Philina
0%
Safiya
0%
Sare
0%
Sidra
0%
Skadi
0%
Sofija
0%
Solea
0%
Zümra
0%
No matching quizzes found
Score Distribution
Percent of People with Each Score
Percentile by Number Answered
Your Score History
You have not taken this quiz